000 00610nam a22001817a 4500
005 20251108165253.0
008 250721s1990 xx 000 0 ara d
082 1 4 _a956.406/ز
100 1 _aالزبيدي، ماجد
_eمعد
245 1 0 _aالإنتفاضة :
_bوثائق وبيلوغرافيه /
264 1 _aعمان :
_bدار الكرمل - صامد،
_c1990.
300 _a456ص.
490 0 _aمشروع توثيق الإنتفاضه الفلسطينيه ؛1
650 1 7 _aتاريخ فلسطين
650 1 7 _aالإنتفاضه الفلسطينيه 1988
942 _2ddc
_cBK
999 _c23753
_d23753